Online
Catalog

La alta costura también tiene sus musas. / (Record no. 52955)

MARC details
000 -CABECERA
campo de control de longitud fija 01001nam a2200265 a 4500
003 - IDENTIFICADOR DEL NÚMERO DE CONTROL
campo de control DO-SdBNP
005 - FECHA Y HORA DE LA ÚLTIMA TRANSACCIÓN
campo de control 20221116140051.0
007 - CAMPO FIJO DE DESCRIPCIÓN FÍSICA--INFORMACIÓN GENERAL
campo de control de longitud fija ta
008 - DATOS DE LONGITUD FIJA--INFORMACIÓN GENERAL
campo de control de longitud fija 221116e2022 dr ao||gr|||| 001 0 spa d
020 ## - NÚMERO INTERNACIONAL ESTÁNDAR DEL LIBRO
Número Internacional Estándar del Libro 9789945935905
040 ## - FUENTE DE LA CATALOGACIÓN
Centro catalogador/agencia de origen DO-SdBNP
Lengua de catalogación spa
Centro/agencia transcriptor BNPHU
082 #4 - NÚMERO DE LA CLASIFICACIÓN DECIMAL DEWEY
Número de edición 22
Número de documento/Ítem N124a
100 1# - ENTRADA PRINCIPAL--NOMBRE DE PERSONA
9 (RLIN) 23142
Nombre de persona Nacidit-Perdomo, Ylonka
245 13 - MENCIÓN DE TÍTULO
Título La alta costura también tiene sus musas. /
Mención de responsabilidad, etc. Ylonka Nacidit-Perdomo.
260 ## - PUBLICACIÓN, DISTRIBUCIÓN, ETC.
Lugar de publicación, distribución, etc. Santo Domingo :
Nombre del editor, distribuidor, etc. Encajes La Rosario,
Fecha de publicación, distribución, etc. 2022
300 ## - DESCRIPCIÓN FÍSICA
Extensión 41 p. :
Otras características físicas il., fotogr. ;
Dimensiones 23 cm.
500 ## - NOTA GENERAL
Nota general Incluye notas p. 41
505 ## - NOTA DE CONTENIDO CON FORMATO
Nota de contenido con formato Un reto para un inicio. /
Mención de responsabilidad Vicky Jáquez.--
Título La alta costura también tiene su investigadora. /
Mención de responsabilidad Pedro Antonio Valdez.--
Título La alta costura también tiene sus musas.
590 ## - NOTA LOCAL (RLIN)
Nota local Inventariado 2022 / MF
650 #4 - PUNTO DE ACCESO ADICIONAL DE MATERIA--TÉRMINO DE MATERIA
9 (RLIN) 36989
Término de materia o nombre geográfico como elemento de entrada Costura
Subdivisión general República Dominicana
650 ## - PUNTO DE ACCESO ADICIONAL DE MATERIA--TÉRMINO DE MATERIA
9 (RLIN) 22271
Término de materia o nombre geográfico como elemento de entrada Moda
Subdivisión general República Dominicana
710 2# - PUNTO DE ACCESO ADICIONAL--NOMBRE DE ENTIDAD CORPORATIVA
Nombre de entidad corporativa o nombre de jurisdicción como elemento de entrada Instituto Técnico Superior Mercy Jáquez, República Dominicana
9 (RLIN) 82836
910 ## - DATOS DE OPCIÓN DEL USUARIO (OCLC)
Datos de opción del usuario MFeliz
942 ## - ELEMENTOS DE PUNTO DE ACCESO ADICIONAL (KOHA)
Fuente del sistema de clasificación o colocación Dewey Decimal Classification
Tipo de ítem Koha Folleto
Holdings
Estado de retiro Estado de pérdida Fuente del sistema de clasificación o colocación Restricciones de uso No para préstamo Código de colección Localización permanente Ubicación/localización actual Ubicación en estantería Fecha de adquisición Fuente de adquisición Total de préstamos Signatura topográfica completa Código de barras Fecha visto por última vez Precio válido a partir de Tipo de ítem Koha Número de copia
    Dewey Decimal Classification Excluido de préstamo   Patrimonio Dominicano Biblioteca Nacional Pedro Henríquez Ureña Biblioteca Nacional Pedro Henríquez Ureña En catalogación 17.02.2022 Depósito Legal / Instituto Superior Mercy Jáquez   N124a 2022-5437 16.11.2022 16.11.2022 Folleto  
    Dewey Decimal Classification Excluido de préstamo   Patrimonio Dominicano Biblioteca Nacional Pedro Henríquez Ureña Biblioteca Nacional Pedro Henríquez Ureña En catalogación 17.02.2022 Depósito Legal / Instituto Superior Mercy Jáquez   N124a 2022-5438 16.11.2022 16.11.2022 Folleto e.2
    Dewey Decimal Classification Préstamo en sala   Dominicana de Servicio Biblioteca Nacional Pedro Henríquez Ureña Biblioteca Nacional Pedro Henríquez Ureña En catalogación 17.02.2022 Depósito Legal / Instituto Superior Mercy Jáquez   N124a 2022-5439 16.11.2022 16.11.2022 Folleto e.3

Powered by Koha